| 000 | 01064cam a2200325 4500 | ||
|---|---|---|---|
| 001 | 13066 | ||
| 003 | BD-RjUL | ||
| 005 | 20211208235411.0 | ||
| 008 | 140130s1962 moua b 001 0 eng | ||
| 035 | _a(OCoLC)81126318 | ||
| 035 | _a(OCoLC)ocm81126318 | ||
| 035 | _a(BD-RjUL)13116 | ||
| 035 | _a(NNC)4006046 | ||
| 040 |
_aDLC _cMCL _dOCL _dUKM _dZCH _dBD-RjUL _beng |
||
| 041 | _aeng | ||
| 082 |
_a616.0756 _bBRB 1962 |
||
| 100 | 1 |
_aBray, William Edward, _d1882-1959. _940712 |
|
| 245 | 1 | 0 |
_aBray's clinical laboratory methods / _cRev. by John D. Bauer and Gelson Toro [and] Philip G. Ackermann. |
| 250 | _a6th ed. | ||
| 260 |
_aSt. Louis : _bMosby, _cc1962. |
||
| 300 |
_a594 p. : _bill. ; _c25 cm. |
||
| 500 | _aFirst ed. published in 1936 under title: Synopsis of clinical laboratory methods. | ||
| 504 | _aIncludes bibliographies and index. | ||
| 650 | 0 |
_aDiagnosis, Laboratory. _940713 |
|
| 650 | 2 |
_aClinical Laboratory Techniques. _940714 |
|
| 700 | 1 |
_aBauer, John D. _940715 |
|
| 942 |
_2ddc _cBK |
||
| 999 |
_c13066 _d13066 |
||